| 000 | 01259nam a2200253Ia 4500 | ||
|---|---|---|---|
| 003 | Ost | ||
| 005 | 20260507075355.0 | ||
| 008 | 260507s9999||||xx |||||||||||||| ||und|| | ||
| 020 | _a27263419779 | ||
| 040 | _cfsecg | ||
| 041 | _aara | ||
| 082 | _a330 | ||
| 100 |
_aعلي، أحمد شعبان محمد _eمؤلف |
||
| 245 | 0 |
_aالسياسات النقدية والمصرفية للبنك المركزي في اطار النظام المصرفي الإسلامي / _c أحمد شعبان محمد علي |
|
| 260 |
_aالإسكندرية: _bدار التعليم الجامعي, _c2013 |
||
| 300 |
_a351 صفحة؛ _bإيضاحات ؛ _c24 سم |
||
| 504 | _aالمراجع ص.335 | ||
| 520 | _aتطور الممارسات المصرفية ونشأة البنوك الإسلامية- النظام المصرفي الإسلامي- الأدوات الرقابية للبنوك المركزية- دور البنك المركزي في مساندة العمل المصرفي الإسلامي- الدور الرقابي للبنك المركزي | ||
| 653 | _aالبنك المركزي | ||
| 653 | _aالسياسات المصرفية | ||
| 653 | _aالسياسات النقدية | ||
| 653 | _aالمصارف الإسلامية | ||
| 942 | _cكتاب | ||
| 999 |
_c44201 _d44201 |
||